LEADER 01310nam a2200277 i 4500 001 000000138748 003 CaOOAMICUS 005 20050510000000.0 008 050510s1968 it u000 u ita u 013 $a112703 040 $aSeMil$bita 100 1 $aLabriola, Antonio,$d<1843-1904>.$0(OLS)http://semarc/name/1215 245 13$aIl materialismo storico :$bantologia sistematica /$cAntonio Labriola ; a cura di Carlo Poni ; introduzione di Luigi Dal Pane. 260 $aFirenze :$bLe Monnier,$c1968. 300 $aVI, 155 p. ;$c20 cm. 490 0 $aCollana di testi di filosofia e pedagogia ad uso delle scuole ;$v2 500 $aContiene : Nota bibliografica. 650 4$aMaterialismo storico.$0(OLS)http://semarc/subject/3905 700 1 $aDal Pane, Luigi,$d<1903-1979>.$0(OLS)http://semarc/name/1216 700 1 $aPoni, Carlo.$0(OLS)http://semarc/name/56142 830 0$aCollana di testi di filosofia e pedagogia ad uso delle scuole ;$v2.$0(OLS)http://semarc/title/10945 850 $aSeMil 852 $aSeMil$W1$xVenegono$y1$m152 9 2 *$j92227$B92227$CSeMilBibl$Z2$F97331 $81 961 $aLascito: Corradi mons. Enrico 996 $6245$aIl materialismo storico :$bantologia sistematica$9(OLS)http://semarc/title/202841 996 $6260$aFirenze :$bLe Monnier$9(OLS)http://semarc/publisher/30060 LEADER 01203nam a2200265 4500 001 000000331485 003 CaOOAMICUS 005 20181204123114.0 008 181203s2009 it 000 u ita r 020 $a978-88-89241-44-8 040 $aSeMil$bita 100 1 $aTibaldi, Marco <1961- >.$0(OLS)http://semarc/name/44624 245 13$aIl codice Abramo :$bpersonaggi in cerca di attore: Abramo e Sara /$cMarco Tibaldi. 264 1$aBologna :$bPardes,$c2009. 300 $a166 p. ;$c17 cm 490 1 $aLaboratorio [Pardes] ;$v15 600 04$aAbramo .$0(OLS)http://semarc/subject/15998 650 4$aBibbia. Antico Testamento. Genesi - Commentari, studi, critica, interpretazioni.$0(OLS)http://semarc/subject/344 830 0$aLaboratorio ;$v15.$0(OLS)http://semarc/title/420210 850 $aSeMil 852 $aSeMil$W1$xVenegono$y1$m2Y I 89$j210703$B223663$CSeMilBibl$Z2$F223663 $81 996 $6020$a978-88-89241-44-8$9(OLS)http://semarc/number/285751 996 $6245$aIl codice Abramo :$bpersonaggi in cerca di attore: Abramo e Sara$9(OLS)http://semarc/title/420202 996 $6264$aBologna :$bPardes$9(OLS)http://semarc/publisher/34230